| 000 | 00600nam a22001457a 4500 | ||
|---|---|---|---|
| 020 | _a978-93818-419-38 | ||
| 082 |
_a158 _bAUR/M |
||
| 100 | _aAURELIUS, MARCUS | ||
| 245 | _aMEDITATIONS | ||
| 260 |
_aDELHI _bGRAPEVINE INDIA _c2016 |
||
| 300 | _a299 | ||
| 520 | _aFive of the main themes in this book are: change, death and the shortness of life; the role and importance of the rational mind and will; dealing with others and accepting their shortcomings; avoiding the chase for pleasure and fame; and living according to nature and fully accepting its course. | ||
| 650 |
_aNOVEL _zINDIA |
||
| 942 | _cBK | ||
| 999 |
_c2577 _d2577 |
||